Caricamento...

Saath shresht kahaaniyam /

Dettagli Bibliografici
Autore principale: Saradadevi Veddalankar
Natura: Printed Book
Lingua:Hindi
Pubblicazione: Pas Chand and Company , 1975.
Edizione:5th ed.
Soggetti:
LEADER 00539nam a2200169Ia 4500
008 150624b xxu||||| |||| 00| 1 hin d
082 |a 863.7108 
100 |a Saradadevi Veddalankar 
245 |c Saradadevi Veddalankar  |a Saath shresht kahaaniyam / 
250 |a 5th ed. 
260 |b Pas Chand and Company ,  |c 1975. 
300 |a 141 p. 
546 |a In Hindi. 
650 |v Fiction 
942 |c BK 
999 |c 93463  |d 93463 
952 |0 1  |1 0  |2 ddc  |4 1  |6 863_710800000000000_SAR_S_H  |7 0  |9 93405  |a UL  |b UL  |c ST2  |d 2012-10-27  |l 0  |o 863.7108 SAR/S H  |p G1596  |r 2012-10-27  |y BK